header

Environment and global modernity (Record no. 93140)

MARC details
000 -LEADER
fixed length control field 01855nam a2200433Ia 4500
082 04 - DEWEY DECIMAL CLASSIFICATION NUMBER
Classification number 363.7
245 00 - TITLE STATEMENT
Title Environment and global modernity
260 ## - PUBLICATION, DISTRIBUTION, ETC. (IMPRINT)
Place of publication London ;
-- Thousand Oaks, Calif :
Name of publisher SAGE Publications,
Year of publication 2000.
300 ## - PHYSICAL DESCRIPTION
Number of Pages xii, 257 p. :
Other physical details ill.
490 1# - SERIES STATEMENT
Series statement Sage studies in international sociology ;
500 ## - GENERAL NOTE
General note "This volume originated out of a conference on 'Social Theory and the Environment' organized under the auspices of the International Sociological Association (ISA) by the Research Group on 'Environment and Society'"--Pref.
650 #0 - SUBJECT ADDED ENTRY--TOPICAL TERM
Topical Term Global environmental change
Topical Term Social change
Topical Term Globalization
Topical Term Social change.
Topical Term Global environmental change.
700 1# - ADDED ENTRY--PERSONAL NAME
Personal name Spaargaren, Gert.
Personal name Mol, A. P. J.
Personal name Buttel, Frederick H.
856 40 - ELECTRONIC LOCATION AND ACCESS
Uniform Resource Identifier http://site.ebrary.com/lib/rucke/Doc?id=10567000

No items available.

© 2026 Rongo University
Contact us: librarian | system librarian | Rongo university